Los abusos sexuales.

Wedi'i Gadw mewn:
Manylion Llyfryddiaeth
Prif Awdur: Cox Leixelard, Juan Pablo
Fformat: Llyfr
Iaith:Sbaeneg
Cyhoeddwyd: Santiago, Chile LexisNexis 2003
Pynciau:
Tagiau: Ychwanegu Tag
Dim Tagiau, Byddwch y cyntaf i dagio'r cofnod hwn!

MARC

LEADER 00000nam a2200000 a 4500
001 UCL4914
003 CL-VaPUC
005 20210903074419.0
008 040227e20030000CL |||||||||||||||||spa|d
999 |c 307668  |d 307666 
020 |a 9562384349 
040 |c Pontificia Universidad Católica de Valparaíso 
082 0 4 |a 364.1532 COX 2003  |2 21 
100 0 |a Cox Leixelard, Juan Pablo  |9 482635 
245 1 4 |a Los abusos sexuales. 
260 0 3 |a Santiago, Chile  |b LexisNexis  |c 2003 
300 |a 346 páginas 
583 |a last modification  |c 20040227 00:00:00  |k Rodrigo Vera 
650 0 |a Delitos sexuales  |9 256093 
650 0 |a Bien jurídico protegido   |9 385533 
650 7 |a DERECHO PENAL CHILENO  |2 CL-VaPUC  |9 482637 
650 0 |a Abuso sexual  |9 475641 
942 |c BK  |2 ddc 
945 |d 20040227 00:00:00  |a cmena 
952 |0 0  |1 0  |2 ddc  |4 0  |6 364_153200000000000_COX_2003  |7 0  |8 A  |9 373721  |a BIBDER  |b BIBDER  |d 2019-11-21  |i 3985016  |o 364.1532 COX 2003  |p 3985016  |r 2023-01-25  |t 1  |w 2019-11-21  |y BK  |k DER 
952 |0 0  |1 0  |2 ddc  |4 0  |6 364_153200000000000_COX_2003  |7 0  |8 A  |9 373723  |a BIBDER  |b BIBDER  |d 2019-11-21  |i 4512804  |l 1  |m 2  |o 364.1532 COX 2003  |p 4512804  |r 2023-06-27  |s 2023-06-05  |t 3  |w 2019-11-21  |y BK  |k DER